[Event "Erlenbach 2006"]
[Site "Klingenberg"]
[Date "2006.04.22"]
[Round "3.6"]
[White "Milano, Mephisto"]
[Black "Genesis, Millennium"]
[Result "0-1"]
[WhiteElo "2010"]
[BlackElo "1960"]
[PlyCount "47"]
[EventDate "2006.04.22"]
[EventType "swiss"]
[EventRounds "6"]
[EventCountry "GER"]

1. e4 e5 2. Nf3 Nc6 3. Bb5 a6 4. Ba4 Nf6 5. O-O Nxe4 6. d4 b5 7. Bb3 d5 8. dxe5
Be6 9. Nbd2 Bc5 10. Nxe4 dxe4 11. Bxe6 Qxd1 12. Bxf7+ Kxf7 13. Ng5+ Kg6 14.
Rxd1 e3 15. Ne6 exf2+ 16. Kf1 Bb6 17. Rd7 Nxe5 18. Nf4+ Kf5 19. Rxg7 Rad8 20.
Nd3 Nxd3 21. cxd3 Rxd3 22. Rg5+ Kf6 23. Bf4 Rhd8 24. Rd5 0-1

[Event "Erlenbach 2006"]
[Site "Klingenberg"]
[Date "2006.04.22"]
[Round "3.7"]
[White "Mach II, Fidelity"]
[Black "Scorpio 68000, Novag"]
[Result "1-0"]
[WhiteElo "1915"]
[BlackElo "2073"]
[PlyCount "139"]
[EventDate "2006.04.22"]
[EventType "swiss"]
[EventRounds "6"]
[EventCountry "GER"]

1. d4 Nf6 2. c4 e6 3. Nc3 Bb4 4. e3 Nc6 5. Nge2 d5 6. a3 Be7 7. cxd5 exd5 8.
Nf4 O-O 9. Bd3 Re8 10. h3 Qd6 11. O-O Bf8 12. Qb3 Ne7 13. Bd2 c6 14. Nce2 Qc7
15. Ng3 Bd7 16. Rac1 Kh8 17. Qc2 Ng6 18. Nxg6+ hxg6 19. Qb3 Bd6 20. Ne2 Kg8 21.
Nf4 Bxf4 22. exf4 b6 23. Rfe1 c5 24. dxc5 bxc5 25. Qc3 Rxe1+ 26. Rxe1 d4 27.
Qc2 Rb8 28. b4 Bb5 29. Bxb5 Rxb5 30. Re5 Qd7 31. bxc5 d3 32. Qc1 Qc6 33. Qc4
Rb1+ 34. Kh2 Qb5 35. Qd4 Qd7 36. Qxd7 Nxd7 37. Rd5 Nb8 38. Rxd3 Nc6 39. Rd6 Rd1
40. Kg3 Ne7 41. Kf3 Kh7 42. a4 Ra1 43. Rd7 Nc6 44. Rxf7 Rxa4 45. g4 g5 46. Ke2
gxf4 47. Rxf4 Ra2 48. Rc4 Kg6 49. f4 Kf7 50. Kd3 Ke6 51. Bc3 Kd5 52. Bxg7 Rh2
53. Rc1 Nb4+ 54. Ke3 Rxh3+ 55. Ke2 Nd3 56. Rf1 Ke4 57. f5 Rh7 58. f6 Rh2+ 59.
Kd1 Ke3 60. Bh6+ Rxh6 61. f7 Rh8 62. f8=Q Rxf8 63. Rxf8 Nxc5 64. g5 Kd4 65. g6
Ne6 66. Rf7 a5 67. Re7 Kd5 68. Kc1 Kd6 69. g7 Nxg7 70. Rxg7 1-0

[Event "Erlenbach 2006"]
[Site "Klingenberg"]
[Date "2006.04.22"]
[Round "3.8"]
[White "Leonardo Maestro D++ 6MHz, Saitek"]
[Black "Dominator 11 MHz, Saitek"]
[Result "1/2-1/2"]
[WhiteElo "1976"]
[BlackElo "1932"]
[PlyCount "46"]
[EventDate "2006.04.22"]
[EventType "swiss"]
[EventRounds "6"]
[EventCountry "GER"]

1. e4 e5 2. Nf3 Nc6 3. Bb5 a6 4. Ba4 Nf6 5. d3 b5 6. Bb3 Bb7 7. O-O Bc5 8. c3
O-O 9. d4 Be7 10. Qe2 exd4 11. e5 Nh5 12. cxd4 Na5 13. Bc2 f5 14. Bd3 Nc6 15.
a4 Nb4 16. axb5 Nxd3 17. Qxd3 axb5 18. Rxa8 Qxa8 19. Qxb5 Bxf3 20. gxf3 Qxf3
21. Qxd7 Qg4+ 22. Kh1 Qf3+ 23. Kg1 Qg4+ 1/2-1/2

[Event "Erlenbach 2006"]
[Site "Klingenberg"]
[Date "2006.04.22"]
[Round "4.1"]
[White "Polgar, Mephisto"]
[Black "Super Expert C 6 Mhz, Novag"]
[Result "1-0"]
[WhiteElo "1982"]
[BlackElo "2019"]
[PlyCount "139"]
[EventDate "2006.04.22"]
[EventType "swiss"]
[EventRounds "6"]
[EventCountry "GER"]

1. d4 Nf6 2. c4 e6 3. Nf3 b6 4. a3 d5 5. cxd5 exd5 6. Nc3 Bb7 7. Bg5 Be7 8. e3
c5 9. Bb5+ Kf8 10. O-O a6 11. Bd3 h6 12. Bf4 Nc6 13. Ne5 Kg8 14. Rc1 Nxe5 15.
Bxe5 Bd6 16. Bg3 Bxg3 17. hxg3 Qe7 18. Qe2 Ra7 19. Na4 c4 20. Bf5 Qd6 21. Nc3
Ra8 22. Qf3 Re8 23. Rfe1 a5 24. Qf4 Qxf4 25. exf4 Kf8 26. Rxe8+ Kxe8 27. Nb5
Bc6 28. Re1+ Kd8 29. Nd6 Rf8 30. Nc8 b5 31. Na7 Be8 32. Kh2 g6 33. Bc8 Kc7 34.
Bh3 Ne4 35. f3 Nd2 36. Re7+ Kb8 37. Bd7 Bxd7 38. Rxd7 Nf1+ 39. Kh3 b4 40. axb4
a4 41. b5 Re8 42. Rxf7 Re6 43. Nc6+ Kc8 44. Ne7+ Kb8 45. Rf8+ Kb7 46. Nxd5 Rd6
47. Nc3 Ne3 48. Nxa4 Rd5 49. Rf7+ Kb8 50. g4 Rxb5 51. Rf6 Rb4 52. Nc3 Rxb2 53.
Rxg6 Nxg2 54. Kg3 h5 55. Rg8+ Kc7 56. Rg7+ Kd6 57. gxh5 Ne3 58. Rg6+ Ke7 59. d5
Kf7 60. Ra6 Nf5+ 61. Kh3 Rb3 62. Ne4 Ne3 63. Ra7+ Kf8 64. d6 Rd3 65. h6 Rd1 66.
h7 Rh1+ 67. Kg3 Nf5+ 68. Kg2 Rh6 69. Ra8+ Kg7 70. d7 1-0

[Event "Erlenbach 2006"]
[Site "Klingenberg"]
[Date "2006.04.22"]
[Round "4.2"]
[White "Excel 68000 Mach III Master, Fidelity"]
[Black "MM IV, Mephisto"]
[Result "1-0"]
[WhiteElo "2021"]
[BlackElo "1920"]
[PlyCount "119"]
[EventDate "2006.04.22"]
[EventType "swiss"]
[EventRounds "6"]
[EventCountry "GER"]

1. d4 Nf6 2. c4 e6 3. Nc3 c5 4. d5 exd5 5. cxd5 d6 6. e4 g6 7. Nf3 Bg7 8. Be2
O-O 9. O-O Re8 10. Nd2 a6 11. a4 Nbd7 12. Qc2 Ne5 13. Ra3 Bd7 14. b3 Rc8 15. h3
Qb6 16. f4 Nd3 17. Nc4 Nb4 18. Nxb6 Nxc2 19. Nxc8 Bxc8 20. Ra2 Nb4 21. Rd2 Nxe4
22. Nxe4 Rxe4 23. Bf3 Re3 24. a5 Rxb3 25. Re2 Bd4+ 26. Kh2 Bf5 27. Re8+ Kg7 28.
Rd8 Nd3 29. Rxd6 Rc3 30. g4 Rc2+ 31. Kg3 Nxc1 32. gxf5 Ne2+ 33. Bxe2 Rxe2 34.
fxg6 hxg6 35. Rd7 Rb2 36. d6 Bc3 37. f5 Be5+ 38. Kf3 gxf5 39. Rc1 Rb5 40. Rg1+
Kf6 41. Rd1 Rb3+ 42. Ke2 Rb2+ 43. Rd2 Rxd2+ 44. Kxd2 f4 45. Rxb7 Bxd6 46. Rb6
Ke5 47. Rxa6 Bc7 48. Ra7 Kd6 49. h4 Bd8 50. a6 f5 51. Rf7 Ba5+ 52. Kd3 Bb6 53.
Kc4 f3 54. Rxf5 Ke6 55. Rxf3 Kd6 56. Rf6+ Kc7 57. h5 Ba5 58. h6 Kd7 59. h7 Bd8
60. Rg6 1-0

[Event "Erlenbach 2006"]
[Site "Klingenberg"]
[Date "2006.04.22"]
[Round "4.3"]
[White "Roma 68000, Mephisto"]
[Black "Corona D+ 8 Mhz, Saitek"]
[Result "1/2-1/2"]
[WhiteElo "1956"]
[BlackElo "2063"]
[PlyCount "98"]
[EventDate "2006.04.22"]
[EventType "swiss"]
[EventRounds "6"]
[EventCountry "GER"]

1. Nf3 c5 2. c4 Nf6 3. g3 e6 4. Nc3 d5 5. cxd5 exd5 6. d4 {*} Be7 {*} 7. dxc5
Bxc5 8. e3 O-O 9. Bg2 Nc6 10. O-O Bf5 11. Nd4 Bg4 12. Qd3 Nb4 13. Qb1 Rc8 14.
a3 Nc6 15. Nxc6 bxc6 16. b4 Bd6 17. Bb2 a5 18. b5 Qc7 19. Rc1 Qb7 20. a4 Rb8
21. Na2 cxb5 22. Bxf6 gxf6 23. Nc3 Be5 24. axb5 Bxc3 25. Rxc3 Qxb5 26. Qa2 Be6
27. Ra3 d4 28. Qd2 dxe3 29. Qxe3 Qe5 30. Qd3 Rfd8 31. Qa6 Bd5 32. Rxa5 Ra8 33.
Qxa8 Rxa8 34. Rxa8+ Bxa8 35. Rxa8+ Kg7 36. Bf3 Qc5 37. Kg2 f5 38. h4 Kg6 39.
Ra6+ Kg7 40. Ra8 Qd4 41. Ra5 Kf6 42. Ra6+ Ke7 43. Ra2 Kd7 44. Ra5 Ke6 45. Ra6+
Ke7 46. Ra2 Kd6 47. Ra5 Ke6 48. Ra6+ Kd7 49. Ra5 Ke6 1/2-1/2

[Event "Erlenbach 2006"]
[Site "Klingenberg"]
[Date "2006.04.22"]
[Round "4.4"]
[White "Genesis, Millennium"]
[Black "Designer 2265 Master, Fidelity"]
[Result "0-1"]
[WhiteElo "1960"]
[BlackElo "2021"]
[PlyCount "96"]
[EventDate "2006.04.22"]
[EventType "swiss"]
[EventRounds "6"]
[EventCountry "GER"]

1. b3 e5 2. Bb2 Nc6 3. e3 d5 4. Bb5 Bd6 5. f4 f6 6. fxe5 fxe5 7. Nf3 Qe7 8.
Nxe5 Bxe5 9. Bxc6+ Kd8 10. d4 Bg3+ 11. Kd2 Bf2 12. Qe2 Bxe3+ 13. Qxe3 Qxe3+ 14.
Kxe3 bxc6 15. Nd2 Bf5 16. c4 Rb8 17. Rhc1 Nh6 18. Kf2 Re8 19. Re1 Ng4+ 20. Kg1
Kd7 21. Rf1 Ne3 22. Rf3 g6 23. Bc3 Nc2 24. Raf1 Re2 25. R1f2 Rbe8 26. Rf4 R8e3
27. Rxe2 Rxe2 28. Nf3 Ne3 29. g3 Rg2+ 30. Kh1 Rxa2 31. Ne5+ Kc8 32. Kg1 Rc2 33.
Bb4 Rg2+ 34. Kh1 Rb2 35. Kg1 dxc4 36. Rf3 Rg2+ 37. Kh1 cxb3 38. Bc3 Re2 39. Kg1
Be4 40. Rf4 Rg2+ 41. Kh1 Rc2+ 42. Kg1 Rc1+ 43. Be1 b2 44. Rxe4 Rxe1+ 45. Kf2
b1=Q 46. Nd3 Qxd3 47. Re8+ Kd7 48. Rxe3 Qxe3+ 0-1

[Event "Erlenbach 2006"]
[Site "Klingenberg"]
[Date "2006.04.22"]
[Round "4.5"]
[White "Amsterdam, Mephisto"]
[Black "Mach II, Fidelity"]
[Result "0-1"]
[WhiteElo "1927"]
[BlackElo "1915"]
[PlyCount "116"]
[EventDate "2006.04.22"]
[EventType "swiss"]
[EventRounds "6"]
[EventCountry "GER"]

1. e4 c5 2. c3 d5 3. exd5 Qxd5 4. d4 e6 5. Nf3 Nc6 6. Bf4 cxd4 7. cxd4 Qe4+ 8.
Be3 Nf6 9. Nc3 Qf5 10. Bd3 Qg4 11. h3 Qh5 12. O-O Bd6 13. Nb5 Bb8 14. Qd2 O-O
15. Bf4 Bxf4 16. Qxf4 Nb4 17. Bc4 Bd7 18. Nd6 b5 19. a3 Nbd5 20. Bxd5 Qxd5 21.
Rac1 a5 22. Rc5 Qb3 23. Rb1 b4 24. Qe3 Qa2 25. Qd3 Ra6 26. Nc4 Rfa8 27. Nfe5
Ba4 28. b3 Be8 29. a4 Nd7 30. Rc7 Nxe5 31. dxe5 R6a7 32. Rc5 f5 33. Rd1 Bh5 34.
f3 f4 35. Nxa5 Bg6 36. Qc4 Bf5 37. Rc8+ Rxc8 38. Qxc8+ Kf7 39. Qc5 Rxa5 40.
Qxa5 Qxb3 41. Rd7+ Kg6 42. Qc7 Qxa4 43. Rxg7+ Kh6 44. Rg8 Bg6 45. Qd6 b3 46. g4
Qa1+ 47. Kh2 Qb2+ 48. Kh1 Qc1+ 49. Kg2 Qc2+ 50. Kf1 Qd3+ 51. Kf2 Qe3+ 52. Kg2
Qe2+ 53. Kg1 Qe1+ 54. Kg2 Qg3+ 55. Kf1 Qxf3+ 56. Ke1 Qe3+ 57. Kf1 Bd3+ 58. Qxd3
Qxd3+ 0-1

[Event "Erlenbach 2006"]
[Site "Klingenberg"]
[Date "2006.04.22"]
[Round "4.6"]
[White "Miami, Mephisto"]
[Black "President, Saitek"]
[Result "0-1"]
[WhiteElo "1966"]
[BlackElo "1997"]
[PlyCount "107"]
[EventDate "2006.04.22"]
[EventType "swiss"]
[EventRounds "6"]
[EventCountry "GER"]

1. d4 d5 2. c4 e6 3. Nc3 c5 4. cxd5 exd5 5. Nf3 Nc6 6. g3 Nf6 7. Bg2 Be7 8. O-O
{Miami letzter Buchzug} O-O 9. dxc5 Bxc5 10. Bg5 Be6 11. Rc1 Be7 {
President letzter Buchzug} 12. Re1 Rc8 13. a3 Re8 14. Nd4 Nxd4 15. Qxd4 Bc5 16.
Qf4 Be7 17. Qd2 Bc5 18. b4 Bb6 19. e3 d4 20. exd4 Qxd4 21. Bxb7 Qxd2 22. Bxd2
Ng4 23. Re2 Rcd8 24. Bf4 Bf5 25. Rb2 Ne5 26. Bxe5 Rxe5 27. Bg2 Rde8 28. Bf3 Bd4
29. Rd2 Bh3 30. Ne2 Bb6 31. a4 Re3 32. Bh5 g6 33. Rb2 gxh5 34. a5 Rxe2 35. Rxe2
Rxe2 36. axb6 axb6 37. f4 Rg2+ 38. Kh1 Rb2 39. Ra1 Rxb4 40. Ra8+ Kg7 41. Kg1
Rb1+ 42. Kf2 Rh1 43. Ke3 Rxh2 44. Rb8 Bg4 45. Rxb6 Rg2 46. Kd4 Rxg3 47. Rb2 Kf6
48. Rb6+ Kf5 49. Rb7 f6 50. Rxh7 Rf3 51. Kc4 Rxf4+ 52. Kc5 Rf1 53. Kd4 Rh1 54.
Rb7 0-1

[Event "Erlenbach 2006"]
[Site "Klingenberg"]
[Date "2006.04.22"]
[Round "4.7"]
[White "Dominator 11 MHz, Saitek"]
[Black "Milano, Mephisto"]
[Result "1-0"]
[WhiteElo "1932"]
[BlackElo "2010"]
[PlyCount "135"]
[EventDate "2006.04.22"]
[EventType "swiss"]
[EventRounds "6"]
[EventCountry "GER"]

1. e4 c6 2. c4 d5 3. cxd5 cxd5 4. exd5 Qxd5 5. d4 Nf6 {1. errechneter Zug} 6.
Nc3 Qd6 7. Bc4 Nbd7 8. Nge2 Nb6 9. Bf4 Qb4 10. Bb3 Bf5 11. a3 Qa5 12. O-O e6
13. Bc7 Qa6 14. Bxb6 Qxb6 15. Ng3 Bg6 16. Ba4+ Ke7 17. Qd2 Rd8 18. Rfd1 h6 19.
Rac1 a6 20. Nge2 Bh5 21. b3 Qd6 22. b4 g6 23. f3 b5 24. Bb3 g5 25. d5 Bg7 26.
Nd4 Ke8 27. Qe3 Qf4 28. Qxf4 gxf4 29. dxe6 Rh7 30. Nce2 Ng8 31. Nc6 Rxd1+ 32.
Rxd1 Bf6 33. Nxf4 Bg6 34. e7 Bxe7 35. Nxg6 fxg6 36. Bxg8 Rg7 37. Nxe7 Kxe7 38.
Bb3 g5 39. Re1+ Kd7 40. Re6 Re7 41. Rxa6 Re3 42. Bd5 Re5 43. Bc6+ Kc7 44. g4
Kd8 45. Ra5 Re1+ 46. Kf2 Rh1 47. Kg2 Rc1 48. Bxb5 Kc7 49. Ra6 Rc2+ 50. Kg3 Rc1
51. Rxh6 Rg1+ 52. Kf2 Ra1 53. a4 Ra2+ 54. Kg3 Rb2 55. Rg6 Rxb4 56. Rxg5 Rb1 57.
h4 Rg1+ 58. Kf4 Kb6 59. Bc4 Ra1 60. a5+ Kc6 61. Ke3 Re1+ 62. Kd4 Rd1+ 63. Bd3
Rh1 64. h5 Kd7 65. a6 Ra1 66. Rg7+ Kd6 67. a7 Ra4+ 68. Ke3 1-0

[Event "Erlenbach 2006"]
[Site "Klingenberg"]
[Date "2006.04.22"]
[Round "4.8"]
[White "Scorpio 68000, Novag"]
[Black "Leonardo Maestro D++ 6MHz, Saitek"]
[Result "1-0"]
[WhiteElo "2073"]
[BlackElo "1976"]
[PlyCount "97"]
[EventDate "2006.04.22"]
[EventType "swiss"]
[EventRounds "6"]
[EventCountry "GER"]

1. e4 c5 2. Nc3 e6 3. Nge2 Ne7 4. d4 cxd4 5. Nxd4 d5 6. Be2 dxe4 7. Nxe4 e5 8.
Nf3 Qxd1+ 9. Bxd1 Nec6 10. O-O f5 11. Nc3 Be6 12. Re1 Nd7 13. Bf4 Bd6 14. Nb5
Ke7 15. Bg5+ Nf6 16. Nxd6 Kxd6 17. Be2 Ne4 18. Rad1+ Kc7 19. Bd3 Nxg5 20. Nxg5
Bd7 21. Nf7 Rhe8 22. Bb5 e4 23. c3 a6 24. Bc4 Be6 25. Bxe6 Rxe6 26. Rd5 Rf6 27.
Ng5 h6 28. Nh3 Ne7 29. Nf4 Rd6 30. Re5 Kd7 31. f3 g5 32. Nh5 Re6 33. Rxe6 Kxe6
34. fxe4 Kd6 35. Rd1+ Kc6 36. e5 Nd5 37. Ng7 Ne3 38. Rd6+ Kb5 39. e6 Kc5 40.
Rd3 Ng4 41. e7 Nf6 42. Rd8 Ra7 43. Rf8 b6 44. Nxf5 Rb7 45. Rxf6 Rxe7 46. Nxe7
h5 47. b3 g4 48. a4 b5 49. Rc6# 1-0

[Event "Erlenbach 2006"]
[Site "Klingenberg"]
[Date "2006.04.23"]
[Round "5.1"]
[White "Super Expert C 6 Mhz, Novag"]
[Black "Designer 2265 Master, Fidelity"]
[Result "1-0"]
[WhiteElo "2019"]
[BlackElo "2021"]
[PlyCount "85"]
[EventDate "2006.04.22"]
[EventType "swiss"]
[EventRounds "6"]
[EventCountry "GER"]

1. c4 c5 2. Nc3 Nc6 3. g3 g6 4. Bg2 Bg7 5. Nf3 Nf6 6. O-O O-O 7. a3 d5 8. cxd5
Nxd5 9. Qb3 Nxc3 10. bxc3 Na5 11. Qb5 a6 12. Qa4 Bd7 13. Qc2 Qc7 14. d3 c4 15.
Bg5 f6 16. Be3 Rac8 17. Qa2 e5 18. Rab1 b5 19. a4 Rb8 20. axb5 Bxb5 21. Rb2 Kh8
22. d4 Bc6 23. Rfb1 Rb3 24. dxe5 fxe5 25. Bc5 Rd8 26. Bb4 Rxb2 27. Rxb2 Nb3 28.
Qxa6 e4 29. Nd4 Nxd4 30. cxd4 Rxd4 31. Ba5 Rd1+ 32. Bf1 Qd6 33. Rb6 Rxf1+ 34.
Kxf1 Qd1+ 35. Kg2 Be8 36. Rb8 Qd7 37. Qa8 h6 38. Rxe8+ Kh7 39. Qxe4 Bf6 40. Bc3
Bxc3 41. Re7+ Qxe7 42. Qxe7+ Bg7 43. Qc7 1-0

[Event "Erlenbach 2006"]
[Site "Klingenberg"]
[Date "2006.04.23"]
[Round "5.2"]
[White "Excel 68000 Mach III Master, Fidelity"]
[Black "Polgar, Mephisto"]
[Result "1-0"]
[WhiteElo "2021"]
[BlackElo "1982"]
[PlyCount "63"]
[EventDate "2006.04.22"]
[EventType "swiss"]
[EventRounds "6"]
[EventCountry "GER"]

1. e4 c6 2. d4 d5 3. Nc3 dxe4 4. Nxe4 Nd7 5. Bc4 Ngf6 6. Nxf6+ Nxf6 7. Nf3 e6
8. O-O Be7 9. Re1 O-O 10. Qd3 b5 11. Bb3 Bb7 12. Ne5 Qb6 13. Bg5 Rad8 14. c3 c5
15. Bxf6 Bxf6 16. Bc2 g6 17. dxc5 Rxd3 18. cxb6 Rd2 19. Bb3 Rxb2 20. Nd7 Bxc3
21. Nxf8 Bxe1 22. Rxe1 Kxf8 23. bxa7 Ke7 24. Rd1 g5 25. h3 h6 26. f3 h5 27. Rc1
Kd7 28. Rc5 Rb1+ 29. Kh2 Rb2 30. Rxg5 Bxf3 31. Bd5 Rxg2+ 32. Rxg2 1-0

[Event "Erlenbach 2006"]
[Site "Klingenberg"]
[Date "2006.04.23"]
[Round "5.3"]
[White "Mach II, Fidelity"]
[Black "Corona D+ 8 Mhz, Saitek"]
[Result "0-1"]
[WhiteElo "1915"]
[BlackElo "2063"]
[PlyCount "164"]
[EventDate "2006.04.22"]
[EventType "swiss"]
[EventRounds "6"]
[EventCountry "GER"]

1. d4 Nf6 2. c4 g6 3. Nc3 d5 4. Nf3 Bg7 5. e3 O-O 6. Qb3 e6 {*} 7. Bd2 {*} Nc6
8. cxd5 exd5 9. Bd3 Re8 10. O-O Rb8 11. Ng5 Bg4 12. h3 Bh5 13. h4 Qd7 14. a4 a6
15. a5 Qd6 16. Nh3 Bg4 17. Nf4 Ne4 18. Nxe4 dxe4 19. Bc4 Rf8 20. Qc2 Rfe8 21.
Bd5 Qe7 22. Qc4 Qf6 23. b3 Re7 24. Bxc6 bxc6 25. Qxa6 Bc8 26. Qc4 Qxh4 27. Qxc6
Bb7 28. Qc4 Rd7 29. a6 Ba8 30. Bb4 c6 31. Bc5 Rb5 32. Ne6 Bh6 33. g3 Qh3 34.
Nf4 Qg4 35. Ne2 Qf3 36. b4 Bg7 37. Nf4 g5 38. Ng2 Qg4 39. Qc2 h6 40. Qc4 Qh3
41. Qb3 h5 42. Qb1 f5 43. Qa2+ Rd5 44. Qe2 Rd7 45. Qc4+ Rd5 46. Qc2 Kf7 47. Qe2
Kg6 48. Qa2 Qg4 49. Qc2 Qh3 50. Qe2 Rd7 51. Qa2 Rd5 52. Qc4 Rb8 53. Qc3 Rd7 54.
Qb3 Rd5 55. Qc4 Kf6 56. Rfc1 Rdd8 57. Qb3 Rd5 58. Qd1 Rg8 59. Qe2 h4 60. gxh4
gxh4 61. Qf1 Rdd8 62. Rc2 Bh6 63. Ra5 f4 64. Bb6 Rb8 65. Rh5 Bf8 66. Bc7 f3 67.
Be5+ Ke7 68. Rh7+ Ke8 69. Bg3 fxg2 70. Qxg2 Qxg2+ 71. Kxg2 hxg3 72. fxg3 Bd6
73. Rh3 Rxb4 74. Rh4 Kd8 75. Rh6 Bxg3 76. Kf1 Rb1+ 77. Kg2 Bf4+ 78. Kf2 Bxh6
79. Rxc6 Bxc6 80. a7 Rb2+ 81. Kf1 Bb5+ 82. Ke1 Rg1# 0-1

[Event "Erlenbach 2006"]
[Site "Klingenberg"]
[Date "2006.04.23"]
[Round "5.4"]
[White "MM IV, Mephisto"]
[Black "Roma 68000, Mephisto"]
[Result "0-1"]
[WhiteElo "1920"]
[BlackElo "1956"]
[PlyCount "102"]
[EventDate "2006.04.22"]
[EventType "swiss"]
[EventRounds "6"]
[EventCountry "GER"]

1. d4 Nf6 2. c4 e6 3. Nc3 c5 4. d5 exd5 5. cxd5 d6 6. e4 g6 7. Bd3 Bg7 8. Nge2
O-O 9. O-O b6 10. Bf4 Ba6 11. Rc1 Qd7 12. Re1 Bxd3 13. Qxd3 Re8 14. Rcd1 a6 15.
Nc1 b5 16. a3 Ng4 17. Qg3 Ne5 18. Nd3 Nc4 19. Rc1 Qe7 20. b3 Ne5 21. Rcd1 c4
22. bxc4 Nxc4 23. Rc1 Qc7 24. Nb1 Qb6 25. Nd2 Qd4 26. Qf3 Nd7 27. Nb3 Qb6 28.
h3 Rac8 29. Qg3 a5 30. Rc2 a4 31. Nd2 Nxa3 32. Rxc8 Rxc8 33. Bxd6 Nc4 34. Nxc4
Rxc4 35. Be5 Nxe5 36. Nxe5 Rc2 37. Nc6 a3 38. Rf1 a2 39. e5 Qc5 40. Qe3 Qc4 41.
Rd1 Re2 42. Qb6 h5 43. d6 Rd2 44. Re1 Qc2 45. Qe3 Qd1 46. Kf1 a1=Q 47. Qxd2
Qxd2 48. Rxa1 Kh7 49. h4 Qc2 50. d7 Qd3+ 51. Kg1 Qxd7 0-1

[Event "Erlenbach 2006"]
[Site "Klingenberg"]
[Date "2006.04.23"]
[Round "5.5"]
[White "President, Saitek"]
[Black "Genesis, Millennium"]
[Result "1-0"]
[WhiteElo "1997"]
[BlackElo "1960"]
[PlyCount "75"]
[EventDate "2006.04.22"]
[EventType "swiss"]
[EventRounds "6"]
[EventCountry "GER"]

1. d4 e6 2. c4 Bb4+ 3. Bd2 Be7 4. e4 c5 5. d5 Nf6 6. e5 Ne4 7. Qg4 Nxd2 8. Qxg7
Rf8 9. Nxd2 h5 10. d6 Bg5 11. f4 Bxf4 12. Ne4 Qh4+ 13. g3 Bxg3+ 14. Nxg3 Nc6
15. Nf3 Qg4 16. Ng5 Nd4 17. Be2 Qf4 18. Nxh5 Nc2+ 19. Kd1 Ne3+ 20. Kc1 Nf5+ 21.
Nxf4 Nxg7 22. Ne4 b6 23. Bf3 Rb8 24. Kd2 Bb7 25. Nf6+ Kd8 26. Bxb7 Rxb7 27.
Rag1 Nf5 28. Rg4 Nd4 29. Nd3 a5 30. Rg7 Nf5 31. Rh7 Kc8 32. h4 Kb8 33. h5 Nd4
34. Rg7 Nf5 35. h6 Ka8 36. Rg8 Rxg8 37. Nxg8 Nxh6 38. Nxh6 1-0

[Event "Erlenbach 2006"]
[Site "Klingenberg"]
[Date "2006.04.23"]
[Round "5.6"]
[White "Dominator 11 MHz, Saitek"]
[Black "Scorpio 68000, Novag"]
[Result "1/2-1/2"]
[WhiteElo "1932"]
[BlackElo "2073"]
[PlyCount "128"]
[EventDate "2006.04.22"]
[EventType "swiss"]
[EventRounds "6"]
[EventCountry "GER"]

1. e4 d5 2. exd5 Nf6 3. d4 Nxd5 4. c4 Nf6 5. Nf3 g6 6. Bd3 {
beide Rechner sind nun out of book} Bg4 7. h3 Bxf3 8. Qxf3 Nc6 9. Be3 Bg7 10.
Nc3 Nxd4 11. Qxb7 O-O 12. O-O-O c5 13. Nd5 Nxd5 14. Qxd5 Qxd5 15. cxd5 Rad8 16.
Bc4 Rb8 17. Rd2 Nf5 18. Bf4 Rb4 19. b3 Nd6 20. Bxd6 exd6 21. Kd1 Re8 22. Re2
Kf8 23. Rhe1 Rxe2 24. Kxe2 Bd4 25. Kf3 Rb7 26. Bd3 Re7 27. Re2 Rxe2 28. Kxe2
Ke7 29. f4 h5 30. Kf3 h4 31. Kg4 Bf6 32. Be2 Kd7 33. a3 a5 34. Bb5+ Kd8 35. Ba4
Ke7 36. Bc6 Kf8 37. Bd7 Kg7 38. Be8 Bd8 39. Bb5 f5+ 40. Kf3 Bf6 41. Ke3 Bb2 42.
a4 Bc1+ 43. Kf3 Kf6 44. Bc4 g5 45. fxg5+ Bxg5 46. g4 Ke5 47. gxf5 Kxf5 48. Bd3+
Ke5 49. Bc4 Bf4 50. Kg4 Bg3 51. Kg5 Bf2 52. Kg4 Be1 53. Kg5 Bg3 54. Kg4 Ke4 55.
Kg5 Be1 56. Kg4 Bf2 57. Kg5 Kd4 58. Kf6 Be3 59. Kf5 Bd2 60. Kg4 Be1 61. Kf5 Bg3
62. Kg4 Bf2 63. Kf3 Be1 64. Kf4 Kc3 1/2-1/2

[Event "Erlenbach 2006"]
[Site "Klingenberg"]
[Date "2006.04.23"]
[Round "5.7"]
[White "Amsterdam, Mephisto"]
[Black "Miami, Mephisto"]
[Result "0-1"]
[WhiteElo "1927"]
[BlackElo "1966"]
[PlyCount "84"]
[EventDate "2006.04.22"]
[EventType "swiss"]
[EventRounds "6"]
[EventCountry "GER"]

1. c4 e5 2. Nc3 Nf6 3. Nf3 Nc6 4. e3 Bb4 5. Qc2 O-O {Miami letzter Buchzug} 6.
Nd5 {Amsterdam letzter Buchzug} Bc5 7. Bd3 h6 8. b3 d6 9. Bb2 Nxd5 10. cxd5 Nb4
11. Qc4 b5 12. Qc3 a6 13. e4 f5 14. O-O Bb7 15. exf5 Nxd5 16. Qc2 Nb4 17. Qc3
Bxf3 18. gxf3 Qg5+ 19. Kh1 Nxd3 20. Qxd3 Qxf5 21. Qxf5 Rxf5 22. d4 Bxd4 23.
Bxd4 exd4 24. Rad1 c5 25. Kg2 Rg5+ 26. Kh3 Rf8 27. Rd3 Rf4 28. Re1 c4 29. bxc4
bxc4 30. Ra3 d5 31. Re8+ Kh7 32. Re1 d3 33. Rxa6 Rxf3+ 34. Kh4 Rgf5 35. Re3
R3f4+ 36. Kg3 {Amsterdam gibt auf} d2 37. h3 d1=Q 38. Rxh6+ Kxh6 39. Re6+ Kh5
40. Rh6+ gxh6 41. h4 Qg1+ 42. Kh3 Rxh4# {Black mates} 0-1

[Event "Erlenbach 2006"]
[Site "Klingenberg"]
[Date "2006.04.23"]
[Round "5.8"]
[White "Milano, Mephisto"]
[Black "Leonardo Maestro D++ 6MHz, Saitek"]
[Result "0-1"]
[WhiteElo "2010"]
[BlackElo "1976"]
[PlyCount "120"]
[EventDate "2006.04.22"]
[EventType "swiss"]
[EventRounds "6"]
[EventCountry "GER"]

1. d4 d5 2. c4 e6 3. Nc3 c5 4. e3 Nf6 5. Nf3 Nc6 6. a3 Be7 7. dxc5 Bxc5 8. b4
Bd6 9. cxd5 exd5 10. Bb2 O-O 11. Be2 Be6 12. O-O Qe7 13. Nb5 Bb8 14. Rc1 Rc8
15. Qa4 a6 16. Nbd4 Bd7 17. Nxc6 Rxc6 18. Qb3 Rxc1 19. Rxc1 Be6 20. Qd3 Bd6 21.
Ng5 g6 22. Qd4 Kg7 23. Nxh7 Kxh7 24. Qxf6 Qxf6 25. Bxf6 a5 26. Bc3 Rc8 27. Bb2
Rxc1+ 28. Bxc1 axb4 29. axb4 Bxb4 30. Bb2 Bd7 31. Bf3 Bc6 32. Bd4 b5 33. Bd1
Kh6 34. h4 Ba3 35. g4 Be7 36. g5+ Kh7 37. Kg2 Ba3 38. Bc2 Kg8 39. f3 Kf8 40. f4
Bd7 41. f5 Bxf5 42. Bxf5 gxf5 43. Kf3 Bd6 44. h5 b4 45. Ba1 b3 46. Bb2 Kg8 47.
Ke2 f4 48. Kf3 fxe3 49. Kxe3 Bc5+ 50. Kf3 Kh7 51. h6 Kg6 52. Kf4 Be7 53. Kg4
Bxg5 54. h7 f5+ 55. Kf3 Kxh7 56. Ke2 Kg6 57. Kd3 f4 58. Be5 Kf5 59. Bd4 Bf6 60.
Bc5 f3 0-1

[Event "Erlenbach 2006"]
[Site "Klingenberg"]
[Date "2006.04.23"]
[Round "6.1"]
[White "Polgar, Mephisto"]
[Black "Mach II, Fidelity"]
[Result "1/2-1/2"]
[WhiteElo "1982"]
[BlackElo "1915"]
[PlyCount "141"]
[EventDate "2006.04.22"]
[EventType "swiss"]
[EventRounds "6"]
[EventCountry "GER"]

1. d4 d5 2. c4 e6 3. Nc3 Nf6 4. Bg5 Be7 5. e3 O-O 6. Nf3 Nbd7 7. Rc1 c6 8. Bd3
dxc4 9. Bxc4 Nd5 10. Bxe7 Qxe7 11. Ne4 N7b6 12. Bb3 Qb4+ 13. Qd2 a5 14. O-O
Qxd2 15. Nfxd2 a4 16. Bc2 a3 17. b3 Nb4 18. Bb1 N6d5 19. Nd6 Rd8 20. Nxc8 Rdxc8
21. Nc4 Rd8 22. Rfd1 g6 23. h4 Kg7 24. Kh2 f6 25. e4 Nf4 26. Nb6 Ra6 27. Na4
Raa8 28. Rc4 Nxa2 29. Bxa2 b5 30. Rxc6 bxa4 31. b4 Rab8 32. Bxe6 Nxe6 33. Rxe6
Rxb4 34. d5 a2 35. Ra1 Rb2 36. f3 Ra8 37. f4 Kf7 38. e5 fxe5 39. fxe5 Rd8 40.
Rf6+ Kg7 41. d6 Re2 42. Re6 Rd7 43. h5 gxh5 44. Rd1 h4 45. Kh3 Rb2 46. Ra1 Ra7
47. Kh2 h5 48. Re8 Kf7 49. Rh8 Ke6 50. Re8+ Kd5 51. Rd1+ Ke4 52. Re1+ Kd3 53.
e6 Rb1 54. d7 Rxe1 55. d8=Q+ Ke2 56. Qd5 a1=Q 57. Qf3+ Kd2 58. Rd8+ Kc1 59.
Qc6+ Kb2 60. Rb8+ Ka2 61. Qc4+ Ka3 62. Qd3+ Ka2 63. Qd5+ Ka3 64. Qf3+ Ka2 65.
Qf2+ Ka3 66. Qc5+ Ka2 67. Qf2+ Ka3 68. Qf3+ Ka2 69. Qd5+ Ka3 70. Qd3+ Ka2 71.
Qd5+ 1/2-1/2